Southville International School and Colleges
Your cart is empty.
  • Cart
  • Lists
    Public lists list_1 View all
    Your lists Log in to create your own lists
  • Log in to your account
  • Your cookies
  • Search history
Southville International School and Colleges
  • Advanced search
  • Recent comments
  • Most popular
  • Libraries

Log in to your account

Log in with GOOGLE


If you do not have an external account, but do have a local account, you can still log in:

  1. Home
  2. MARC view: World map :
Normal view MARC view ISBD view

World map : (Record no. 116238)

[ view plain ]
MARC details
000 -LEADER
fixed length control field 00456nam a2200157 a 4500
005 - DATE AND TIME OF LATEST TRANSACTION
control field 20140513081048.0
008 - FIXED-LENGTH DATA ELEMENTS--GENERAL INFORMATION
fixed length control field 020925s19uu xx 00 eng d
050 ## - LIBRARY OF CONGRESS CALL NUMBER
Classification number MAP
Item number WOR 2001
245 ## - TITLE STATEMENT
Title World map :
Remainder of title nations of the world facts and figure.
250 ## - EDITION STATEMENT
Edition statement 2001 Ed.
260 ## - PUBLICATION, DISTRIBUTION, ETC. (IMPRINT)
Place of publication, distribution, etc Quezon city, Philippines :
Name of publisher, distributor, etc Prostyle Grafix,
Date of publication, distribution, etc 2001.
300 ## - PHYSICAL DESCRIPTION
Extent back to back pages
500 ## - GENERAL NOTE
General note includes world facts and figures
650 ## - SUBJECT ADDED ENTRY--TOPICAL TERM
Topical term or geographic name as entry element Maps
Holdings
Withdrawn status Lost status Damaged status Use restrictions Home library Current library Shelving location Date acquired Source of acquisition Cost, normal purchase price Total Checkouts Full call number Barcode Date last seen Price effective from Koha item type
        Elizalde Library Elizalde Library KIT Section 09/25/2002   13.50   MAP WOR 2001 E200 05/13/2014 05/13/2014 Kits

World map :

APA

(2001). World map. Quezon city, Philippines: Prostyle Grafix.

Chicago

2001. World map. Quezon city, Philippines: Prostyle Grafix.

Harvard

(2001). World map. Quezon city, Philippines: Prostyle Grafix.

MLA

World map. Quezon city, Philippines: Prostyle Grafix. 2001.

  • Place hold
  • Print
  • Cite
  • Add to your cart (remove)
  • Save record
    BIBTEX Dublin Core MARCXML MARC (non-Unicode/MARC-8) MARC (Unicode/UTF-8) MARC (Unicode/UTF-8, Standard) MODS (XML) RIS
  • More searches
    Search for this title in:
    Other Libraries (WorldCat) Other Databases (Google Scholar) Online Stores (Bookfinder.com) Open Library (openlibrary.org)

Exporting to Dublin Core...

SOUTHVILLE LIBRARY

Southville International School and Colleges Library

1281 Tropical Ave. Cor. Luxembourg St., BF Homes International, Las Pinas City

Tel. No. 8256374 / 252358 Loc. 117/146

Powered by Koha